000 00388 a2200169 4500
001 184790
020 _a85-262-1633-3
040 _cMagnum
100 _aLarreula, Enric
240 1 0 _aBruxa Onilda vai à festa
_lpor
245 1 0 _aBruxa Onilda vai à festa
300 _a
362 0 _a2001
440 1 _aScipione
697 _aLITERATURA INFANTO-JUVENIL ESTRANGEIRA
942 _cBK
999 _c184790
_d184790